| Record ID | ia:primitiverevolut00davi |
| Source | Internet Archive |
| Download MARC XML | https://archive.org/download/primitiverevolut00davi/primitiverevolut00davi_marc.xml |
| Download MARC binary | https://www.archive.org/download/primitiverevolut00davi/primitiverevolut00davi_meta.mrc |
LEADER: 01015cam a2200289 i 4500
001 818704
005 19830310000000.0
008 770908s1977 hiua b 001 0 eng
035 $9(DLC) 76045585
906 $a7$bcbc$corignew$d2$eocip$f19$gy-gencatlg
010 $a 76045585
020 $a0824805224 :$c$10.00
040 $aDLC$cDLC$dDLC
041 1 $aengita
043 $aa-cc---
050 00 $aHS310$b.D3913 1977
082 00 $a366/.0951
100 1 $aDavis, Fei-ling.
240 10 $aSocieta segrete in Cina, 1840-1911.$lEnglish
245 10 $aPrimitive revolutionaries of China :$ba study of secret societies in the late nineteenth century /$cby Fei-ling Davis.
260 $aHonolulu :$bUniversity Press of Hawaii,$cc1977.
300 $avii, 254 p. :$bill. ;$c23 cm.
500 $aTranslation of Le societa segrete in Cina, 1840-1911.
504 $aBibliography: p. 240-248.
500 $aIncludes index.
650 0 $aSecret societies$zChina$xHistory.
991 $bc-GenColl$hHS310$i.D3913 1977$tCopy 1$wBOOKS